Żeńskie Imiona na literę H - Statystyki

Ogólne statystyki
  • Ten quiz został rozwiązany 476 razy
  • Średni wynik to 5 z 10
Statystyki odpowiedzi
Imiona % Poprawnych
Hanna
92%
Halina
91%
Helena
82%
Honorata
63%
Henryka
54%
Hiacynta
49%
Huberta
23%
Hieronima
19%
Hortensja
18%
Hermina
5%
Nie znaleziono quizów pasujących do podanych kryteriów
Rozkład punktacji
Procent ludzi z każdym wynikiem
Percentyl według liczby udzielonych odpowiedzi
Twoja historia wyników
Nie rozwiązałeś tego quizu